Česko-anglický slovník pro obchod a finance /

Guardado en:
Detalles Bibliográficos
Autores principales: Dubský, Jaroslav (Autor), Mára, Jan (Autor)
Formato: Libro
Lenguaje:lenguas múltiples
Publicado: Praha : Economia, 1991
Etiquetas: Agregar Etiqueta
Sin Etiquetas, Sea el primero en etiquetar este registro!

MARC

LEADER 00000nam a22000003a 4500
001 stu18059
005 20150617225754.2
008 911108s1991----cs------------------mul-d
020 |a 80-85378-07-8 
040 |a STU  |b slo 
041 0 |a mul 
044 |a cs 
080 |a 801.316.4:334.012.23=850=20 
080 |a 334.012.23:801.316.4=850=20 
100 1 |a Dubský, Jaroslav  |4 aut 
245 1 |a Česko-anglický slovník pro obchod a finance /  |c [aut.]Dubský,Jaroslav, Mára,Jan 
260 |a Praha :  |b Economia,  |c 1991 
300 |a 119 s 
700 1 |a Mára, Jan  |4 aut 
996 |b C88695  |c C*88695  |l CCXIV  |s P  |a 0  |w stu18059_0001 
996 |b C88752  |c C*88752  |l CCXIV  |s P  |a 0  |w stu18059_0002 
996 |b C88753  |c C*88753  |l CCXIV  |s P  |a 0  |w stu18059_0003